|
|
|
|
| LEADER |
00000nam a2200000 a 4500 |
| 001 |
vtls001375499 |
| 003 |
SK-MaSNL |
| 005 |
20260301161236.0 |
| 008 |
240318s1998 xo a r y slo |
| 015 |
|
|
|a SNBA2000/01-00063
|
| 020 |
|
|
|a 8071660280
|
| 035 |
|
|
|a SNK000329404
|
| 035 |
|
|
|a urn:nbn:sk:snk-amkk8p
|
| 035 |
|
|
|a urn:nbn:sk:snk-am003anw
|
| 035 |
|
|
|a C5091BED-C77B-4CE8-AD46-7829238B3054
|
| 040 |
|
|
|a SNK
|b slo
|c SNK
|e AACR2
|
| 041 |
0 |
|
|a slo
|
| 044 |
|
|
|a xo
|c SK
|
| 080 |
|
|
|a 621.396:621.391.82
|2 1981
|
| 100 |
1 |
|
|a Džunda, Milan,
|d 1956-
|4 aut
|9 409982
|
| 245 |
1 |
0 |
|a Hodnotenie presnosti a odolnosti rádioelektronických systémov voči rušeniu
|b syntéza rádioelektronických systémov : monografia
|c Milan Džunda
|
| 260 |
|
|
|a Košice
|b Vojenská letecká akadémia gen. M.R. Štefánika
|c 1998
|
| 300 |
|
|
|a 70 s.
|c 21 cm
|
| 500 |
|
|
|a 50 výt.
|
| 504 |
|
|
|a Bibliogr. s. 67-69
|
| 650 |
0 |
7 |
|a systémy rádioelektronické
|x monografie
|2 SNK
|9 523974
|
| 655 |
|
7 |
|a príručky
|2 SNK
|9 74364
|
| 919 |
|
|
|a 80-7166-028-0
|
| 958 |
|
|
|a OND
|
| 958 |
|
|
|a TL
|
| 958 |
|
|
|a NB
|
| 999 |
|
|
|c 808708
|d 810638
|
| 952 |
|
|
|t P60, <09>, [BOOK], {629}
|a SNK
|b SNK
|y NEVYP
|7 0
|o snkC 694
|i snk1288/991028
|0 0
|1 0
|4 0
|d 1999-10-27
|l 0
|r 2005-01-02 00:00:00
|w 2026-02-24
|
| 952 |
|
|
|t P60, <04>, [BOOK], {604}
|a SNK
|b SNK
|y VYP
|7 0
|p 17A0216030
|o snkSC 99932 D1
|i snkKSP 10504/99
|0 0
|1 0
|4 0
|d 1999-10-27
|l 0
|r 2005-01-02 00:00:00
|w 2026-02-24
|
| 952 |
|
|
|t P60, <03>, [BOOK], {603}
|a SNK
|b SNK
|y PREZ
|7 0
|p 17A0216029
|o snkSC 99932
|i snkKSP 10503/99
|0 0
|1 0
|4 0
|d 1999-10-27
|f 1
|l 0
|r 2025-09-19 00:00:00
|w 2026-02-24
|